Monstress (Titelsatznr. 1338)
[ MARC ]
| 000 -LEADER | |
|---|---|
| fixed length control field | 02237pam a2200529 cb4500 |
| 001 - CONTROL NUMBER | |
| control field | 1183019394 |
| 003 - CONTROL NUMBER IDENTIFIER | |
| control field | DE-101 |
| 005 - DATE AND TIME OF LATEST TRANSACTION | |
| control field | 20250806140916.0 |
| 007 - PHYSICAL DESCRIPTION FIXED FIELD--GENERAL INFORMATION | |
| fixed length control field | tu |
| 008 - FIXED-LENGTH DATA ELEMENTS--GENERAL INFORMATION | |
| fixed length control field | 190409s2019 gw ||||| |||| 00||||ger |
| 015 ## - NATIONAL BIBLIOGRAPHY NUMBER | |
| National bibliography number | 20,A12 |
| Canceled/invalid national bibliography number | 19,N16 |
| Source | dnb |
| 016 7# - NATIONAL BIBLIOGRAPHIC AGENCY CONTROL NUMBER | |
| Source | DE-101 |
| Record control number | 1183019394 |
| 020 ## - INTERNATIONAL STANDARD BOOK NUMBER | |
| International Standard Book Number | 9783959813648 |
| Terms of availability | Broschur : EUR 15.00 (DE), EUR 15.50 (AT) |
| 020 ## - INTERNATIONAL STANDARD BOOK NUMBER | |
| International Standard Book Number | 3959813643 |
| 024 3# - OTHER STANDARD IDENTIFIER | |
| Standard number or code | 9783959813648 |
| 035 ## - SYSTEM CONTROL NUMBER | |
| System control number | (DE-599)DNB1183019394 |
| 035 ## - SYSTEM CONTROL NUMBER | |
| System control number | (OCoLC)1176254636 |
| 035 ## - SYSTEM CONTROL NUMBER | |
| System control number | (OCoLC)1097675873 |
| 040 ## - CATALOGING SOURCE | |
| Original cataloging agency | 1245 |
| Language of cataloging | ger |
| Transcribing agency | DE-101 |
| Modifying agency | 9999 |
| Description conventions | rda |
| 041 ## - LANGUAGE CODE | |
| Language code of text/sound track or separate title | ger |
| Language code of original | eng |
| 044 ## - COUNTRY OF PUBLISHING/PRODUCING ENTITY CODE | |
| ISO country code | XA-DE-BW |
| 082 74 - DEWEY DECIMAL CLASSIFICATION NUMBER | |
| Field link and sequence number | 3\p |
| Classification number | 741.5 |
| Assigning agency | DE-101 |
| Edition number | 23sdnb |
| 100 1# - MAIN ENTRY--PERSONAL NAME | |
| Field link and sequence number | 1\p |
| Authority record control number or standard number | (DE-588)131594389 |
| -- | https://d-nb.info/gnd/131594389 |
| -- | (DE-101)131594389 |
| Personal name | Liu, Marjorie M. |
| Relator term | Verfasser |
| Relationship | aut |
| Source of heading or term | gnd |
| 245 10 - TITLE STATEMENT | |
| Title | Monstress |
| Statement of responsibility, etc. | Marjorie Liu, Text ; Sana Takeda, Zeichnungen ; Michael Schuster, Übersetzer |
| 264 #1 - PRODUCTION, PUBLICATION, DISTRIBUTION, MANUFACTURE, AND COPYRIGHT NOTICE | |
| Place of production, publication, distribution, manufacture | Ludwigsburg |
| Name of producer, publisher, distributor, manufacturer | Cross Cult |
| Date of production, publication, distribution, manufacture, or copyright notice | Dezember 2019 |
| 300 ## - PHYSICAL DESCRIPTION | |
| Extent | circa 144 Seiten |
| Dimensions | 24 cm |
| 336 ## - CONTENT TYPE | |
| Content type term | Text |
| Content type code | txt |
| Source | rdacontent |
| 336 ## - CONTENT TYPE | |
| Content type term | unbewegtes Bild |
| Content type code | sti |
| Source | rdacontent |
| 337 ## - MEDIA TYPE | |
| Media type term | ohne Hilfsmittel zu benutzen |
| Media type code | n |
| Source | rdamedia |
| 338 ## - CARRIER TYPE | |
| Carrier type term | Band |
| Carrier type code | nc |
| Source | rdacarrier |
| 490 1# - SERIES STATEMENT | |
| Series statement | Monstress / Marjorie Liu |
| Volume/sequential designation | Band 4 |
| 653 ## - INDEX TERM--UNCONTROLLED | |
| Uncontrolled term | (Produktform)Paperback / softback |
| 653 ## - INDEX TERM--UNCONTROLLED | |
| Uncontrolled term | Manga |
| 653 ## - INDEX TERM--UNCONTROLLED | |
| Uncontrolled term | Monstress |
| 653 ## - INDEX TERM--UNCONTROLLED | |
| Uncontrolled term | Steampunk |
| 653 ## - INDEX TERM--UNCONTROLLED | |
| Uncontrolled term | (VLB-WN)1181: Hardcover, Softcover / Belletristik/Comic, Cartoon, Humor, Satire/Comic |
| 655 #7 - INDEX TERM--GENRE/FORM | |
| Authority record control number or standard number | (DE-588)4010427-8 |
| -- | https://d-nb.info/gnd/4010427-8 |
| -- | (DE-101)040104273 |
| Genre/form data or focus term | Comic |
| Source of term | gnd-content |
| 700 1# - ADDED ENTRY--PERSONAL NAME | |
| Authority record control number or standard number | (DE-588)1150879483 |
| -- | https://d-nb.info/gnd/1150879483 |
| -- | (DE-101)1150879483 |
| Personal name | Takeda, Sana |
| Dates associated with a name | 1977- |
| Relator term | Künstler |
| Relationship | art |
| Source of heading or term | gnd |
| 700 1# - ADDED ENTRY--PERSONAL NAME | |
| Personal name | Schuster, Michael |
| Relator term | Übersetzer |
| Relationship | trl |
| 710 2# - ADDED ENTRY--CORPORATE NAME | |
| Field link and sequence number | 2\p |
| Authority record control number or standard number | (DE-588)1065438982 |
| -- | https://d-nb.info/gnd/1065438982 |
| -- | (DE-101)1065438982 |
| Corporate name or jurisdiction name as entry element | Cross Cult |
| Miscellaneous information | Firma |
| Relator term | Verlag |
| Relationship | pbl |
| Source of heading or term | gnd |
| 800 1# - SERIES ADDED ENTRY--PERSONAL NAME | |
| Personal name | Liu, Marjorie M. |
| Relationship | aut |
| Title of a work | Monstress |
| Volume/sequential designation | Band 4 |
| Bibliographic record control number | (DE-101)1150879769 |
| 9 (RLIN) | 14 |
| Control subfield | am |
| 883 1# - METADATA PROVENANCE | |
| Field link and sequence number | 1\p |
| Creation process | uml |
| Creation date | 20220413 |
| Assigning or generating agency | DE-101 |
| Uniform Resource Identifier | https://d-nb.info/provenance/plan#uml |
| 883 1# - METADATA PROVENANCE | |
| Field link and sequence number | 2\p |
| Creation process | adb |
| Creation date | 20211004 |
| Assigning or generating agency | DE-101 |
| Uniform Resource Identifier | https://d-nb.info/provenance/plan#adb |
| 883 2# - METADATA PROVENANCE | |
| Field link and sequence number | 3\p |
| Creation process | dnb |
| Creation date | 20200309 |
| Assigning or generating agency | DE-101 |
| Uniform Resource Identifier | https://d-nb.info/provenance/plan#dnb |
| 942 ## - ADDED ENTRY ELEMENTS (KOHA) | |
| Source of classification or shelving scheme | Dewey Decimal Classification |
| Koha item type | Buch |
| Suppress in OPAC | No |
Keine Exemplare verfügbar.